000
00381nam a22001577a 4500
003
MPLRDC
005
20220104114048.0
008
210129b ||||| |||| 00| 0 eng d
082
_a
820.7 AW
100
_a
艾芜
245
_a
文学入门
_c
260
_a
_b
香港中流出版社
_c
1959
300
_b
平
650
_a
中国文学总论--杂文, 演讲
942
_c
BK
_o
820.7 AW
999
_c
4511
_d
4501